الاسلام والطب / (Record no. 6823)
[ view plain ]
| 000 -الفاتح | |
|---|---|
| حقل البيانات ثابتة الطول | 00793nac a22001691u 4500 |
| 008 - عناصر البيانات ثابتة الطول - معلومات عامة | |
| حقل البيانات ثابتة الطول | 100808s1965 Ua|||||r|||| 000 0 ara d |
| 082 ## - رقم تصنيف ديوى العشرى | |
| رقم التصنيف | 214.61 |
| رقم المادة | ب و ش |
| 100 ## - المدخل الرئيسى - إسم شخصى | |
| الإسم الشخصى | البوشي، محمد عبدالحميد |
| 9 (RLIN) | 17198 |
| 245 ## - بيان العنوان | |
| العنوان | الاسلام والطب / |
| بيان المسئوليه,etc | محمد عبدالحميد البوشي |
| 260 ## - PUBLICATION, DISTRIBUTION, ETC. (IMPRINT) | |
| مكان الناشر او الموزع | القاهرة: |
| اسم الناشر او الموزع | 1965، دار القلم |
| تاريخ النشر أو التوزيع | 1965 |
| 300 ## - الوصف المادى | |
| التعداد | 162 ؛ ص |
| أبعاد الوعاء | 18 سم |
| 490 ## - بيان السلسلة | |
| -- | 14725 |
| عنوان السلسلة | ؛ المكتبة الثقافية |
| -- | 125 |
| 650 ## - المدخل الاضافى بالموضوع-مصطلح موضوعى | |
| 9 (RLIN) | 17200 |
| مصطلح موضوعي أو اسم جغرافي كعنصر مدخل | الإسلام والطب |
| 710 ## - المدخل الاضافى - اسم هيئه | |
| اسم الهيئة أو اسم السلطة كمدخل | Wezarat Al Thakafa Wa Al Ershad Al Kawmey |
| 9 (RLIN) | 17202 |
| 942 ## - عناصر المدخل الإضافي( كوها) | |
| Koha [default] item type | Book - Borrowing |
| سابقة رقم الطلب | 214.61 ب و ش |
| مصدر التصنيف او مخطط الترفيف | Dewey Decimal Classification |
| حالة التراجع | حالة الفقد | مصدر التصنيف او خطة الترفيف | حالة تلف | ليس للاعارة | مجموعات كوها | المكان الدائم | المكان الحالي | موقع الترفيف | تاريخ الاكتساب | Source of acquisition | رقم الاستدعاء | الباركود | Date last seen | نوع الوعاء |
|---|---|---|---|---|---|---|---|---|---|---|---|---|---|---|
| Dewey Decimal Classification | Central Library | Central Library | Lower Floor | 08/08/2010 | 214.61 ب و ش | 000008449 | 15/07/2025 | Book - Borrowing |